01004cam a2200277 a 45000010008000000030005000080050017000130080041000300100017000710200015000880200040001030380009001430400009001520500020001610820012001811000024001932450076002172460073002932600126003663000033004924400029005255000047005545040051006016500039006527000035006914994367ASAB20190411071459.0990119s2000 enka b 001 0 eng  a 99017192  a1859962416 a038791563X (softcover : alk. paper) aASAB cASAB00aQD41b.F57 200000a5722211 aFisher, J.q(Julie)10aInstant notes in Chemistry for biologists /cJ. Fisher & J.R.P. Arnold.1 iTitle on p. [4] of cover:aInstant notes in chemistry for biologists aOxford, UK :bBIOS Scientific ;aNew York, USA :bDistributed exclusively in the U.S. by Springer-Verlag New York,c2000. aix, 246 p. :bill. ;c25 cm. 4aThe instant notes series aOn label on t.p. verso: ISBN 0-387-91563-X aIncludes bibliographical references and index. 0aChemistryxOutlines, syllabi, etc.1 aArnold, J. R. P.q(John R. P.)